Score 0/9 Timer 01:00
4 Plays Today
% Correct
Angelina Jolie
95.8%
Whoopi Goldberg
94.8%
Melissa McCarthy
91.5%
Sarah Michelle Gellar
88.5%
Reese Witherspoon
88.2%
Jessica Biel
87.6%
Chloe Grace Moretz
87.4%
Viola Davis
85.2%
Leslie Jones
82%
Remove Ads.
Support Sporcle.
Get the best of Sporcle when you Go Orange. This ad-free experience offers more features, more stats, and more fun while also helping to support Sporcle. Thank you for becoming a member.

You're not logged in!

Compare scores with friends on all Sporcle quizzes.
OR
Log In

Show Comments

Extras

Top Quizzes Today


Score Distribution

Your Account Isn't Verified!

In order to create a playlist on Sporcle, you need to verify the email address you used during registration. Go to your Sporcle Settings to finish the process.

Report this User

Report this user for behavior that violates our Community Guidelines.

Details: